His image, my image. (Record no. 12695)

000 -LEADER
fixed length control field 00619nam a2200193 a 4500
001 - CONTROL NUMBER
control field :::00010509$&:&@@
003 - CONTROL NUMBER IDENTIFIER
control field OkBaRHE
005 - DATE AND TIME OF LATEST TRANSACTION
control field 20000607103359.0
008 - FIXED-LENGTH DATA ELEMENTS--GENERAL INFORMATION
fixed length control field s1984 j 000 0 eng u
040 ## - CATALOGING SOURCE
Transcribing agency
100 1# - MAIN ENTRY--PERSONAL NAME
Personal name McDowell, Josh.
245 10 - TITLE STATEMENT
Title His image, my image.
260 ## - PUBLICATION, DISTRIBUTION, ETC. (IMPRINT)
Place of publication, distribution, etc San Bernardino, CA., :
Name of publisher, distributor, etc Here's Life Publishers
Date of publication, distribution, etc c1984
300 ## - PHYSICAL DESCRIPTION
Extent 168 p. : illus. ;
Dimensions 21 cm.
650 ## - SUBJECT ADDED ENTRY--TOPICAL TERM
Topical term or geographic name as entry element Christian Life
General subdivision 1960-
650 ## - SUBJECT ADDED ENTRY--TOPICAL TERM
Topical term or geographic name as entry element Self-Respect
General subdivision Religious Aspects
-- Christianity
942 ## - ADDED ENTRY ELEMENTS (KOHA)
Source of classification or shelving scheme
Koha item type Books
Copies
Not for loan Date last seen Withdrawn status Price effective from Full call number Copy number Barcode Damaged status Permanent Location Source of classification or shelving scheme Koha item type Date acquired Lost status Shelving location
 2010-04-14 2010-04-14BV 4501 .M4614110509 RHEMA Bible Training College Books2010-04-14 General Stacks